Java generics and collections
Bewaard in:
| Hoofdauteurs: | , |
|---|---|
| Formaat: | Boek |
| Taal: | Engels |
| Gepubliceerd in: |
Sebastopol
O'Reilly
2007
|
| Editie: | 1a. ed |
| Onderwerpen: | |
| Tags: |
Voeg label toe
Geen labels, Wees de eerste die dit record labelt!
|
MARC
| LEADER | 00000nam a2200000 a 4500 | ||
|---|---|---|---|
| 001 | UCJ8921 | ||
| 003 | CL-VaPUC | ||
| 008 | 070126e20070000us |||||||||||||||||eng|d | ||
| 020 | |a 0596527756 | ||
| 082 | 0 | 4 | |a 005.133 |b NAF |2 21 |
| 100 | 0 | |a Naftalin, Maurice |e author |9 518720 | |
| 700 | 0 | |a Wadler, Philip |e author |9 518721 | |
| 245 | 1 | 0 | |a Java generics and collections |
| 250 | |a 1a. ed | ||
| 300 | |a 273 p | ||
| 942 | |c BK | ||
| 945 | |d 20070126 00:00:00 |a cmena | ||
| 260 | |a Sebastopol |b O'Reilly |c 2007 | ||
| 650 | 0 | |a Programación de computadores |9 259531 | |
| 650 | 0 | |a Lenguajes de programación |9 259458 | |
| 650 | 0 | |a Java |9 370043 | |
| 583 | |a last modification |c 20171130 02:27:18 |k Rodrigo Vera | ||
| 999 | |c 324565 |d 324563 | ||
| 952 | |0 0 |1 0 |4 0 |6 005_133000000000000_NAF_2007 |7 0 |8 A |9 404829 |a BIBING |b BIBING |d 2019-11-22 |i 4313526 |o 005.133 NAF 2007 |p 4313526 |r 2025-01-20 |w 2019-11-22 |y BK |k EII | ||